000 00608nam a22002057a 4500
003 koha_MIRAKIL
005 20231213100424.0
008 231213b |||||||| |||| 00| 0 ||| d
020 _b978-6-05-375732-0
040 _aTR-IsEVY
_btur
_cTR-IsEVY
082 _a823.914 TOL/T
100 _aTolkien, J. R. R. 1892-1973.
245 0 _aTom Bombadil'in maceraları
_bve kırmızı kitaptan başka şiirler
250 _a2. bs.
260 _bİthaki,
_c2017
300 _a300 s.
650 _aFantastik roman -- Fantastic fiction
650 _aİngiliz edebiyatı -- English literature
942 _2ddc
_cBK
999 _c19673
_d19673